000 00286nam a22001337a 4500
008 171031b xxu||||| |||| 00| 0 eng d
020 _a9780538749916
041 _aeng
080 _23RD
_a33
100 _a58
101 _aBUS
245 _aBUSINESS LAW
_cTWOMEY.D.P
942 _2udc
_cBK
999 _c36665
_d36665